000 00300 a2200145 4500
001 162629
020 _a
040 _cMagnum
100 _aSouza, Sergio Jeremias
240 1 0 _aMeu amiguinho drumps
_lpor
245 1 0 _aMeu amiguinho drumps
362 0 _a1899
697 _aIJ/GERAL
942 _cBK
999 _c162629
_d162629